000 01277cam a2200361 4500
001 22706
003 SK-KTurca
005 20260421144134.0
008 201021s2020 xo gr 000 f slo
015 _aSNBA2021/09
020 _a9788056618745
_q(viazané)
040 _aZKSE
_bslo
_cZKSE
_dSNK
_erda
041 1 _aslo
_hfre
044 _axo
_cSK
072 7 _a821.133.1-3
_xFrancúzska próza, francúzsky písaná
_2konspekt
080 _a821.133.1-31
_22011
080 _a(0:82-312.4)
_22011
100 1 _aTackian, Niko,
_d1973-
_4aut
240 1 0 _aAvalanche hôtel
_lSlovensky
245 1 0 _aHotel Lavína
_cNiko Tackian ; z francúzskeho originálu Avalanche hôtel ... preložila Marta Činovská
250 _aPrvé slovenské vydanie
264 1 _aBratislava
_bLindeni
_c2020
300 _a237 strán
_c21 cm
336 _atext
_btxt
_2rdacontent
337 _abez média
_bn
_2rdamedia
338 _azväzok
_bnc
_2rdacarrier
500 _aVydalo vydavateľstvo Lindeni v spoločnosti Albatros Media Slovakia, s. r. o.
500 _aObsahuje stručné biografické údaje o autorovi na záložke prebalu publikácie
655 7 _afrancúzske romány
_2SNKPH
655 7 _aFrench fiction
_2SNKPHeng
700 1 _aČinovská, Marta
_4trl
942 _2ddc
_cKLDO
_n0
999 _c22706
_d22706